[Event "Liberec op"]
[Site "Liberec"]
[Date "2003.10.27"]
[Round "3.5"]
[White "Blahacek, Evzen"]
[Black "Muzik, Martin"]
[Result "1/2-1/2"]
[WhiteElo "2133"]
[BlackElo "2245"]
[PlyCount "120"]
[EventDate "2003.10.28"]
[EventType "swiss"]
[EventRounds "9"]
[EventCountry "CZE"]
[SourceTitle "EXT 2004"]
[Source "ChessBase"]
[SourceDate "2003.11.25"]
[SourceVersion "1"]
[SourceVersionDate "2003.11.25"]
[SourceQuality "1"]

1. c4 c6 2. d4 d5 3. e3 Nf6 4. Nc3 a6 5. Nf3 b5 6. cxd5 cxd5 7. Be2 e6 8. 0-0 Bd6 9. a3 0-0 10. Ne5 Nfd7 11. f4 Bb7 12. Bd3 f5 13. g4 Bxe5 14. fxe5 g6 15. h3 Qh4 16. Kh2 Nc6 17. gxf5 gxf5 18. Rf4 Qe7 19. Bd2 Kh8 20. Be1 Rg8 21. Rf3 Rg7 22. Rg3 Rag8 23. Ne2 Rxg3 24. Bxg3 Na5 25. Qd2 Nb3 26. Qe1 Nxa1 27. Qxa1 Nb6 28. Qe1 Rf8 29. Bh4 Qc7 30. Nf4 Bc8 31. Qg3 Qg7 32. Bf6 Rxf6 33. exf6 Qxg3+ 34. Kxg3 Kg8 35. Nh5 Kf7 36. Kf4 Bb7 37. Ke5 Nc4+ 38. Bxc4 dxc4 39. Nf4 Bc8 40. Ne2 a5 41. Nc3 Ba6 42. d5 exd5 43. Nxd5 Bb7 44. Nb6 Bg2 45. h4 Bf1 46. Nc8 b4 47. Nd6+ Kf8 48. axb4 axb4 49. Nb5 c3 50. bxc3 Bxb5 51. cxb4 Bd3 52. Ke6 f4 53. exf4 Bc4+ 54. Kf5 Kf7 55. Kg5 Bd3 56. f5 Kg8 57. Kh6 Bxf5 58. b5 Kf7 59. b6 Be4 60. b7 Bxb7 1/2-1/2

[Event "CZE-chT2V 9899"]
[Site "Czech Republic"]
[Date "1999.??.??"]
[Round "?"]
[White "Blahacek, Evzen"]
[Black "Efler, Lukas"]
[Result "0-1"]
[WhiteElo "2240"]
[BlackElo "2265"]
[PlyCount "76"]
[EventDate "1998.??.??"]
[EventType "team-tourn"]
[EventRounds "11"]
[EventCountry "CZE"]
[SourceTitle "EXT 2000"]
[Source "ChessBase"]
[SourceDate "1999.11.16"]
[SourceVersion "1"]
[SourceVersionDate "1999.11.16"]
[SourceQuality "1"]

1. c4 e5 2. Nc3 Nf6 3. Nf3 d6 4. d4 Nbd7 5. e4 c6 6. Be2 Be7 7. 0-0 0-0 8. h3 h6 9. Be3 Nh7 10. Qd2 Qc7 11. Rad1 Re8 12. Ne1 g5 13. h4 Ndf8 14. hxg5 hxg5 15. Nf3 f6 16. d5 Ng6 17. c5 Rd8 18. cxd6 Bxd6 19. dxc6 bxc6 20. Bc5 Be7 21. Qe3 Be6 22. Rxd8+ Bxd8 23. Rc1 Qb7 24. b3 Nhf8 25. Na4 Nd7 26. Bd6 Nf4 27. Bf1 Bb6 28. Qc3 Rc8 29. Nc5 Nxc5 30. Bxc5 Qh7 31. Qe3 Kf7 32. Nh2 Rh8 33. Qg3 Qxe4 34. Ng4 Nh5 35. Nxe5+ fxe5 36. Qxg5 Bd8 37. Qe3 Qh4 38. Bc4 Qh1+ 0-1

[Event "CZE-chT2V 9899"]
[Site "Czech Republic"]
[Date "1999.??.??"]
[Round "?"]
[White "Blahacek, Evzen"]
[Black "Kolar, Pavel"]
[Result "1/2-1/2"]
[WhiteElo "2265"]
[BlackElo "2145"]
[PlyCount "58"]
[EventDate "1998.??.??"]
[EventType "team-tourn"]
[EventRounds "11"]
[EventCountry "CZE"]
[SourceTitle "EXT 2000"]
[Source "ChessBase"]
[SourceDate "1999.11.16"]
[SourceVersion "1"]
[SourceVersionDate "1999.11.16"]
[SourceQuality "1"]

1. c4 e6 2. Nc3 d5 3. d4 c6 4. Nf3 f5 5. g3 Bd6 6. Bg2 Nf6 7. Qc2 0-0 8. 0-0 Bd7 9. Bf4 Bxf4 10. gxf4 Be8 11. e3 Nbd7 12. Ne5 Ne4 13. Nxd7 Qxd7 14. Ne2 Kh8 15. f3 Nf6 16. Nc1 Qe7 17. Nd3 Nd7 18. c5 Bh5 19. Qb3 Rab8 20. Qc3 a6 21. b4 Rg8 22. Rf2 Qh4 23. Qe1 g5 24. Rf1 Qxe1 25. Raxe1 g4 26. fxg4 Rxg4 27. Kf2 Rbg8 28. Rg1 R4g7 29. Bh1 Nf6 1/2-1/2

[Event "CZE-chT2V 9899"]
[Site "Czech Republic"]
[Date "1998.??.??"]
[Round "?"]
[White "Hajek, Jiri"]
[Black "Blahacek, Evzen"]
[Result "1/2-1/2"]
[WhiteElo "2180"]
[BlackElo "2265"]
[PlyCount "186"]
[EventDate "1998.??.??"]
[EventType "team-tourn"]
[EventRounds "11"]
[EventCountry "CZE"]
[SourceTitle "EXT 2000"]
[Source "ChessBase"]
[SourceDate "1999.11.16"]
[SourceVersion "1"]
[SourceVersionDate "1999.11.16"]
[SourceQuality "1"]

1. d4 Nf6 2. Nf3 e6 3. Bf4 c5 4. e3 Nc6 5. c3 d5 6. Nbd2 cxd4 7. exd4 Be7 8. Bd3 a6 9. 0-0 0-0 10. Ne5 Bd7 11. Re1 g6 12. Bh6 Re8 13. Ndf3 Nh5 14. Nxc6 Bxc6 15. Ne5 Bf8 16. Bd2 Bg7 17. Qg4 f5 18. Qh3 Qb6 19. Rab1 Rac8 20. Bg5 Nf6 21. Bxf6 Bxf6 22. f4 Re7 23. Qg3 Be8 24. Qf2 Rg7 25. Re2 g5 26. fxg5 Rxg5 27. Nf3 Rg7 28. Rbe1 Bd7 29. Ne5 Bxe5 30. Rxe5 a5 31. R5e3 Qc7 32. Rh3 b5 33. a3 Rf8 34. Ree3 f4 35. Re5 Qd8 36. Qf3 Rff7 37. Rh6 Rg5 38. Rh5 Rxh5 39. Qxh5 Rg7 40. Be2 b4 41. axb4 axb4 42. Bg4 Qe7 43. h3 bxc3 44. bxc3 Qf7 45. Qh4 Qe7 46. Qh6 Qf7 47. Bxe6 Bxe6 48. Qxe6 Qxe6 49. Rxe6 Rc7 50. Re5 Rxc3 51. Rxd5 Rd3 52. Rd7 Kf8 53. Kf2 h6 54. d5 h5 55. d6 Ke8 56. Re7+ Kd8 57. Rh7 Rd5 58. Kf3 Rf5 59. Ke4 Rg5 60. Kxf4 Rxg2 61. Rxh5 Kd7 62. Rh6 Rf2+ 63. Kg5 Rg2+ 64. Kh5 Rd2 65. h4 Rd5+ 66. Kg4 Rd4+ 67. Kg5 Rd5+ 68. Kg6 Rxd6+ 69. Kg7 Rd4 70. h5 Rh4 71. Rh8 Ke7 72. h6 Rg4+ 73. Kh7 Kf7 74. Ra8 Rg1 75. Ra7+ Kf8 76. Rg7 Rh1 77. Rg3 Kf7 78. Rf3+ Ke7 79. Kg7 Rg1+ 80. Kh8 Rh1 81. Kh7 Rg1 82. Rf5 Rg2 83. Kh8 Rh2 84. h7 Rg2 85. Ra5 Kf7 86. Ra7+ Kf8 87. Ra8+ Kf7 88. Rg8 Ra2 89. Rg7+ Kf6 90. Rg3 Ra8+ 91. Rg8 Ra1 92. Rf8+ Ke7 93. Rb8 Kf7 1/2-1/2